Länder Europas mit der niedrigsten Geschwindigkeitsbegrenzung - Statistiken

Allgemein
  • Dieses Quiz wurde 87 mal gespielt
  • Das Durchschnittsergebnis liegt bei 10 aus 13
Antwortstatistiken
Platz Land Höchstgeschwindigkeit % Korrekt
2. Norwegen 80 km/h
89%
5. Andorra 90 km/h
87%
5. Island 90 km/h
87%
10. Schweden 110-120 km/h
87%
8. Liechtenstein 100 km/h
86%
1. Monaco 50 km/h
86%
2. Malta 80 km/h
77%
13. Vereinigtes Königreich 112 km/h
77%
5. Lettland 90 km/h
73%
10. Albanien 110 km/h
67%
10. Russland 110 km/h
67%
2. Montenegro 80 km/h
62%
8. Zypern 100 km/h
61%
Keine übereinstimmenden Quizze gefunden
Verteilung der Resultate
Anzahl Personen mit jedem Resultat
Perzentil nach korrekt beantworteten Fragen
Ihre Resultats-Entwicklung
Sie haben dieses Quiz noch nicht gespielt